Φορτώνει......

Exploration in to insight/

Λεπτομέρειες βιβλιογραφικής εγγραφής
Κύριος συγγραφέας: Krishnamurti J
Μορφή: Printed Book
Έκδοση: Chennai: Krishnamurti Foundation India, 2001.
Θέματα:
LEADER 00555nam a22001571a 4500
020 |a 9788187326328 
082 |a KRI 181.4  |b KRI/E 
100 |a Krishnamurti J 
245 |a Exploration in to insight/  |c by Krishnamurti J 
260 |a Chennai:  |b Krishnamurti Foundation India,  |c 2001. 
300 |a 190p. 
650 |a Philosophy Krishnamurti J 
650 |a Philosophy India 
942 |c BK 
999 |c 14222  |d 14222 
952 |0 0  |1 0  |4 0  |6 KRI_181_400000000000000_KRI_E  |7 0  |9 20340  |a SSUS  |b SSUS  |c STACKS  |d 2015-01-08  |g 90.00  |o KRI 181.4 KRI/E  |p 046726  |r 2015-01-08  |v 0.00  |w 2015-01-08  |y BK